| 000 | 00359nam a22001337a 4500 | ||
|---|---|---|---|
| 082 |
_a387.1 _bBOW _cL-18,P4 |
||
| 100 |
_aBown,A.H.J. _919657 |
||
| 245 |
_aPort operation and administration _cBown.A.H.J |
||
| 260 |
_aLondon: _bChapman. _c1950 |
||
| 300 |
_a300 p. _bill: . |
||
| 526 |
_a0 _b0 _c0 _d387_100000000000000_BOW |
||
| 650 |
_aMCE _9379 |
||
| 942 |
_2ddc _cBK |
||
| 999 |
_c543073 _d543073 |
||